MDQL
is popping MORE tags! Check the
thread
!
Quizzes
Events
Quiz Creation
Community
Videos
Private Events
Remove Ads
Sign In
Join for FREE
Feedback
Dark Mode
Quiz Categories
Sports
Geography
Music
Movies
Television
Just For Fun
Miscellaneous
History
Literature
Language
Science
Gaming
Entertainment
Religion
Holiday
For Kids
Quiz Lab
Recent
Popular Today
Quiz Kudos Today
Editor Picks
Curator Picks
Quizzes by...
Day
Popularity
Type
Ratings
Length
Year
Community
Subscriptions
Recent Discussions
Orange Saloon
Badges
Playlists
Quests
Create
Leaderboards
Showdown
Live 5
Trivia Bingo
Activity
Puzzle Library
Sporcle Events
Private Events
Virtual Trivia
Globe League
Become a Host
Pub Owners
SporcleCon
Opinionation
Our Games
Videos
Blog
Mobile Apps
Partnerships
Remove Ads and Go Orange
Feedback
Television
TV Characters
TV Show
Sitcom
Network
Friends
Reality Shows
Cast
South Park
Star Trek
The Simpsons
Doctor Who
Television
TV Characters
TV Show
Sitcom
Network
Friends
Reality Shows
Cast
South Park
Star Trek
The Simpsons
Doctor Who
Random Quiz
Search Sporcle
×
Quiz Lab
Quiz Lab
Television
TV Show
Type in answers that appear in a list
Type in answers that appear in a list
Classic
Best Score? Go Orange.
Guess the TV Show Theme Lyrics III Stats
Can you name the lyrics to this TV show theme with no hint whatsoever?
By
MJSchooley
20m
112 Questions
123 Plays
123 Plays
123 Plays
Comments
Comments
Give Quiz Kudos
Give Quiz Kudos
-
- Ratings
hide this ad
Replay
Link that replays current quiz
Next Quiz
Link to next quiz in quiz playlist
You Got
0%
They Got
Avg Score
58%
Avg Friend Score
Upgrade to see
Score Distribution
Jump to the score distribution portion of the page
Score
0/112
Timer
20:00
0
Plays Today
% Correct
I
96.7%
I
96.7%
I
96.7%
a
94.3%
a
94.3%
a
94.3%
a
94.3%
you?
91.1%
you?
91.1%
you
91.1%
you
91.1%
you
91.1%
You
91.1%
you
91.1%
you.
91.1%
you,
91.1%
the
90.2%
We
85.4%
we
85.4%
and
84.6%
And
84.6%
and
84.6%
are
80.5%
are
80.5%
are
80.5%
to
78.9%
to
78.9%
do
76.4%
on
74.8%
on
74.8%
where
72.4%
where
72.4%
so
71.5%
me,
69.9%
your
67.5%
for
65.9%
see
63.4%
can
63.4%
% Correct
see
63.4%
can
63.4%
some
62.6%
some
62.6%
from
61%
now.
60.2%
now.
60.2%
if
60.2%
got
58.5%
got
58.5%
got
58.5%
You're
56.9%
you're
56.9%
That's
56.9%
You're
56.9%
you're
56.9%
that
56.9%
have
54.5%
know
52.8%
know
52.8%
Scooby
52%
Doo,
52%
We've
52%
Scooby
52%
Doo,
52%
need
52%
Scooby
52%
Doo,
52%
we've
52%
Scooby
52%
Scooby
52%
Doo,
52%
Scooby
52%
Scooby
52%
Doo,
52%
Scooby
52%
Doo!
52%
Dooby
50.4%
% Correct
Dooby
50.4%
not
50.4%
Dooby,
50.4%
Dooby
50.4%
Come
48.8%
come
48.8%
work
46.3%
help
46.3%
Don't
46.3%
way
45.5%
you've
43.1%
here
40.7%
Snack!
37.4%
we'll
36.6%
'cause
35.8%
'Cause
35.8%
gonna
34.1%
mystery
33.3%
back!
33.3%
solve,
32.5%
through,
31.7%
count
31.7%
yourself
28.5%
fact!
28.5%
shake
27.6%
shiver.
26.8%
catch
26.8%
ready
26%
ready
26%
fooling
24.4%
willin'.
24.4%
hold
23.6%
villain!
23.6%
act!
21.1%
pretendin'
17.1%
sliver.
16.3%
Quiz Playlist
Details
Report
Send in Message
Add To Playlist
Classic:
Type in answers that appear in a list
Last Updated: Feb 16, 2017
Quiz Scoreboard
CHALLENGE
Sign Up to Join the Scoreboard
Show All
Scores
Hide
Comments
May contain spoilers
Recently Published
Two Season TV Shows II
by 123Four
Television
10m
Image Sorting: Flags VI
by Barbecue
Geography
2m
Find the 'City' Movie
by crazypaving
Movies
60s
More to Explore
Quiz From the Vault
Featured Blog Post
14 Easter Pick-up Lines to Find Eggs With
hide this ad
You Might Also Like...
Tags
Lyrics Quiz
TV Show Quiz
Today's Top Quizzes in Television
Browse Television
hide this ad
Today's Top Quizzes in TV Show
Browse TV Show
Top Contributed Quizzes in Television
1
Survivor Journey Challenge
2
Adjectives in 00s TV Shows
3
Brooklyn Nine Nine Logic Puzzle (How-To-Play)
4
Even More Two Season TV Shows
5
Total Drama Characters
6
Survivor Logic Puzzle: Heroes vs. Villains
7
Adjectives in 10s TV Shows
8
Survivor Heroes vs. Villains Logic Puzzle
9
Phoebe Buffay Quotes
10
Survivor Seasons
Explore More
Trending Topics
Kpop
Anime
Harry Potter
NBA
Crossword
Marvel
Disney
WWE
Soccer
The Office
Song
Country
Puzzle
NFL
Pokémon
hide this ad
More By:
MJSchooley
Quiz
Plays
Rating
Category
Featured
Created
Countries by Coat of Arms Slideshow
1,260
4.20
Geography
Feb 4, 2017
Asian Countries Border Blitz
390
3.50
Geography
Aug 23, 2012
Final Fantasy Sorting Blitz
302
4.00
Gaming
Nov 30, 2020
Saints Row Characters by Death
279
5.00
Gaming
Jan 12, 2021
Guess the TV Show Theme Lyrics VI
238
4.00
Television
Oct 11, 2013
Go to Creator's Profile
Score Distribution
Quiz Creator Spotlight
MJSchooley
Follow
Send a Message
Quizzes Created
-
Created Quiz Play Count
-
More By This Creator
Popular Quizzes Today
1
Find the US States - No Outlines Minefield
2
Colored Red Africa Blitz
3
Find the 'City' Movie
4
5x2 Blitz: Bands
5
The Countries of the World
6
Find the Countries of Europe - No Outlines Minefield
7
Find the US States
8
US States
More Television Quizzes
Catchphrase to Character Picture Match
Published
Trending Quizzes
Colored Red Europe Blitz I
Colored Red Africa Blitz II
Colored Red Europe Blitz II
Colored Red Africa Blitz III
Even More Two Season TV Shows
Recently Updated
March Madness Men's Triple Doubles
pecheneg
How Do You Spell That?
pecheneg
Godzilla Movies
pecheneg
Grab Bag: 4-10 Letters
pecheneg
2024 March Madness Bracket
pecheneg
Famous TV Couples
Peacemaker
Champions League XIs: Real Madrid
pecheneg
Largest US Cities 1790-2010
pecheneg
Rides in Walt Disney World
pecheneg
Most Oscar Losses (Acting)
pecheneg
Trending Topics
Disney
Anime
Kpop
Harry Potter
Marvel
Crossword
NBA
Pokémon
WWE
Song
The Office
Country
Soccer
NFL
Puzzle
Your Account Isn't Verified!
In order to create a playlist on Sporcle, you need to verify the email address you used during registration. Go to your
Sporcle Settings
to finish the process.
Report this User
Report this user for behavior that violates our
Community Guidelines
.
Details:
Send Report
Go to the Sporcle.com Mobile Site →
Comments